<?xml version="1.0" encoding="UTF-8"?>
<record
    xmlns:xsi="http://www.w3.org/2001/XMLSchema-instance"
    xsi:schemaLocation="http://www.loc.gov/MARC21/slim http://www.loc.gov/standards/marcxml/schema/MARC21slim.xsd"
    xmlns="http://www.loc.gov/MARC21/slim">

  <leader>01646nam a22001937a 4500</leader>
  <controlfield tag="005">20260618115917.0</controlfield>
  <controlfield tag="008">260618b        |||||||| |||| 00| 0 spa d</controlfield>
  <datafield tag="020" ind1=" " ind2=" ">
    <subfield code="a">978-9945-513-20-2</subfield>
  </datafield>
  <datafield tag="040" ind1=" " ind2=" ">
    <subfield code="a">Instituto Dominicano de Evaluaci&#xF3;n e Investigaci&#xF3;n de la Calidad Educativa</subfield>
    <subfield code="c">IDEICE</subfield>
    <subfield code="e">RDA</subfield>
  </datafield>
  <datafield tag="082" ind1=" " ind2=" ">
    <subfield code="a">IDEICE 373.246 I59e</subfield>
  </datafield>
  <datafield tag="245" ind1=" " ind2=" ">
    <subfield code="a">Educaci&#xF3;n que cambia vidas: informe de resultados sobre la influencia de las Escuelas Laborales y el Nivel Secundario - PREPARA, en las condiciones y calidad de vida de participantes y egresados.</subfield>
    <subfield code="c">IDEICE</subfield>
  </datafield>
  <datafield tag="260" ind1=" " ind2=" ">
    <subfield code="a">Santo Domingo, Rep&#xFA;blica Dominicana </subfield>
  </datafield>
  <datafield tag="300" ind1=" " ind2=" ">
    <subfield code="c">176p.</subfield>
  </datafield>
  <datafield tag="505" ind1=" " ind2=" ">
    <subfield code="a">La presente investigaci&#xF3;n analiza el impacto del Nivel Secundario del Subsistema de Educaci&#xF3;n para Personas J&#xF3;venes y Adultas (PREPARA), en las condiciones de vida e integraci&#xF3;n social de sus participantes y egresados en la Rep&#xFA;blica Dominicana entre 2021 y 2024. PREPARA es un nivel que se constituye en una estrategia clave del Ministerio de Educaci&#xF3;n. Su curr&#xED;culo ofrece modalidades flexibles para j&#xF3;venes y adultos que no completaron la educaci&#xF3;n secundaria formal, adapt&#xE1;ndose a sus contextos sociales y econ&#xF3;micos.</subfield>
  </datafield>
  <datafield tag="650" ind1=" " ind2=" ">
    <subfield code="a">Educaci&#xF3;n Secundaria--Rep&#xFA;blica Dominicana; formaci&#xF3;n vocacional; alfabetizaci&#xF3;n en escuelas laborales; evaluaci&#xF3;n de adultos--Rep&#xFA;blica Dominicana.</subfield>
  </datafield>
  <datafield tag="710" ind1=" " ind2=" ">
    <subfield code="a">IDEICE</subfield>
  </datafield>
  <datafield tag="856" ind1=" " ind2=" ">
    <subfield code="u">https://ideice.gob.do/documentacion/publicaciones-id-222-educacion-que-cambia-vidas-informe-de-resultados-sobre-la-influencia-de-las-escuelas-laborales-y-el-nivel-secundario-prepara-en-las-condiciones-y-calidad-de-vida-de-participantes-y-egresados-</subfield>
  </datafield>
  <datafield tag="942" ind1=" " ind2=" ">
    <subfield code="2">ddc</subfield>
    <subfield code="c">LIB</subfield>
    <subfield code="n">0</subfield>
  </datafield>
  <datafield tag="999" ind1=" " ind2=" ">
    <subfield code="c">14668</subfield>
    <subfield code="d">14668</subfield>
  </datafield>
  <datafield tag="952" ind1=" " ind2=" ">
    <subfield code="0">0</subfield>
    <subfield code="1">0</subfield>
    <subfield code="2">ddc</subfield>
    <subfield code="4">0</subfield>
    <subfield code="7">0</subfield>
    <subfield code="a">RI</subfield>
    <subfield code="b">RI</subfield>
    <subfield code="d">2026-06-18</subfield>
    <subfield code="l">0</subfield>
    <subfield code="r">2026-06-18 11:59:10</subfield>
    <subfield code="u">https://ideice.gob.do/documentacion/publicaciones-id-222-educacion-que-cambia-vidas-informe-de-resultados-sobre-la-influencia-de-las-escuelas-laborales-y-el-nivel-secundario-prepara-en-las-condiciones-y-calidad-de-vida-de-participantes-y-egresados-</subfield>
    <subfield code="w">2026-06-18</subfield>
    <subfield code="y">LIB</subfield>
  </datafield>
</record>
